AIP na 16-bitových počítačoch typu IBM PC - AUTOCAD. Celoštátny kurz /

Salvato in:
Dettagli Bibliografici
Autore principale: Svitek, Ľubomír (Autore)
Natura: Libro
Lingua:slovacco
Pubblicazione: Bratislava : ČSVTS, 1989
Tags: Aggiungi Tag
Nessun Tag, puoi essere il primo ad aggiungerne!!

MARC

LEADER 00000nam a22000003a 4500
001 stu88
005 20200910141911.1
008 910221s1989----cs------------------slo-d
040 |a STU  |b slo 
041 0 |a slo 
044 |a cs 
080 |a 681.32.06 
080 |a AutoCAD 
080 |a 519.68 
080 |a 62.001.63 
100 1 |a Svitek, Ľubomír  |4 aut 
245 1 |a AIP na 16-bitových počítačoch typu IBM PC - AUTOCAD. Celoštátny kurz /  |c [aut.] Svitek,Ľubomír 
260 |a Bratislava :  |b ČSVTS,  |c 1989 
300 |a 109 s 
996 |c I*Z8007  |l I  |s A  |a 24  |w stu88_0002